| 000 | 00000nam##2200000za#4500 |
| 001 | 9.643407 |
| 003 | CaOODSP |
| 005 | 20210624224144 |
| 007 | cr ||||||||||| |
| 008 | 150407|2009||||xxc|||||o f|0| 0 fre|d |
| 040 | |aCaOODSP|bfre |
| 043 | |an-cn--- |
| 086 | 1 |aF42-19/2009F-PDF |
| 110 | 1 |aCanada.|bTribunal canadien du commerce extérieur. |
| 245 | 10|aGuide du mécanisme d'examen des marchés publics |h[ressource électronique] |
| 260 | |aOttawa - Ontario : |bTribunal canadien du commerce extérieur |c2009. |
| 300 | |a41p. |
| 590 | |a14-12-Supp|b2014-05-30 |
| 775 | 08|tProcurement review process : |w(CaOODSP)9.699421 |
| 856 | 40|ahttp://publications.gc.ca|qPDF|s182 Ko|uhttps://publications.gc.ca/collections/collection_2014/tcce-citt/F42-19-2009-fra.pdf |